000 00498nam a2200157Ia 4500
005 20250225111825.0
008 231217s9999 xx 000 0 und d
020 _a9780070616448
082 _a658.076 SHA;1 R
100 _aSharma, Arun. Upadhyay, Meenakshi
245 0 _aHow to prepare for verbal ability and reading comprehension for the CAT
260 _c2007
_bTata McGraw-Hill
_aNew Delhi
300 _axv+4.36
650 _aprepare,verbal,ability,reading,comprehension,CAT
942 _cAA
999 _c180399
_d180399